Teamwork in our town: through a community welfare council (Record no. 432210)

000 -LEADER
fixed length control field 00463cam a22001217a 4500
008 - FIXED-LENGTH DATA ELEMENTS--GENERAL INFORMATION
fixed length control field 180718b1950 xxu||||| |||| 00| 0 eng d
082 ## - DEWEY DECIMAL CLASSIFICATION NUMBER
Classification number Q100 Un3t
245 ## - TITLE STATEMENT
Title Teamwork in our town: through a community welfare council
Statement of responsibility, etc. by United Community Funds and Councils of America, U.S.A.
260 ## - PUBLICATION, DISTRIBUTION, ETC.
Place of publication, distribution, etc. New York
Name of publisher, distributor, etc. United Community Funds and Councils of America
Date of publication, distribution, etc. 1950
300 ## - PHYSICAL DESCRIPTION
Extent v.p.
650 ## - SUBJECT ADDED ENTRY--TOPICAL TERM
Topical term or geographic name entry element Teamwork
700 ## - ADDED ENTRY--PERSONAL NAME
Personal name U.S.A. United Community Funds and Councils of America
Holdings
Withdrawn status Lost status Damaged status Not for loan Permanent Location Current Location Date acquired Full call number Barcode Date last seen Price effective from Koha item type
        Indian Institute of Public Administration Indian Institute of Public Administration 2010-01-28 Q100 Un3t 16232 2018-07-21 2018-07-21 Book

Powered by Koha